LEADER 01205nam a2200265 u 4500 001 000000052815 003 CaOOAMICUS 005 20070226115506.0 008 001025s1963 it u000 u ita u 035 $a10859456 040 $aPUL(R)$bita 100 1 $aGiordano, Oronzo.$0(OLS)http://pul/name/37625 245 13$aIl millenarismo orientale alla fine del II secolo /$cOronzo Giordano. 260 $aMessina :$bUniversità degli studi,$c1963. 300 $aP. [328]-352 ;$c25 cm 500 $aEstratto da: "Helikon, Rivista di tradizione e cultura classica dell'Università di Messina, Anno III, n.1-4, gennaio-dicembre 1963". 504 $aBibliografia in nota. 650 4$aChiesa$xStoria$yChiesa primitiva, ca. 30-600.$0(OLS)http://pul/subject/93 650 4$aMillenarismo.$0(OLS)http://pul/subject/12163 850 $aPUL 852 $aPUL$W1$xDP1 Fondo Ciprotti$y59$m1544 F 48$j69758$nBK-PRI$b $qFondi$B69758$CPULBib$Z2$F69758 $H $81 941 1 $a1 961 $aINV: F. Ciprotti 996 $6245$aIl millenarismo orientale alla fine del II secolo$9(OLS)http://pul/title/70825 996 $6260$aMessina :$bUniversità degli studi$9(OLS)http://pul/publisher/68332 LEADER 01113nam a2200265 u 4500 001 000000069921 003 CaOOAMICUS 005 20210908133203.0 008 020422s1976 gw df u000 u ger u 020 $a3455089674 032 $aLibriCat 035 $a10927503 040 $aIAR$bita 100 1 $aDitfurth, Hoimar von.$0(OLS)http://pul/name/46499 245 04$aDer Geist fiel nicht vom Himmel :$bDie Evolution unseres Bewusstseins /$cHoimar von Ditfurth. 260 $aHamburg :$bHoffmann und Campe,$c1976. 300 $a340 S., :$bGrpah. Darstellungen, Tafeln, ;$c23 cm 650 4$aPsicologia medica.$0(OLS)http://pul/subject/7575 850 $aPUL 852 $aPUL$W1$xDP1 Fondo Seidl$y56$m3 B 14$j81637$nBK-PRI$b $qFondi$B90523$CPULBib$Z2$F90523 $H $81 941 1 $a1 996 $6020$a3455089674$9(OLS)http://pul/number/90487 996 $6245$aDer Geist fiel nicht vom Himmel :$bDie Evolution unseres Bewusstseins$9(OLS)http://pul/title/216075 996 $6260$aHamburg :$bHoffmann und Campe$9(OLS)http://pul/publisher/65503